| 000 | 00759nam a22002657a 4500 | ||
|---|---|---|---|
| 003 | CHAP | ||
| 005 | 20220817041123.0 | ||
| 008 | 971013s1991 r 00010 eng d | ||
| 010 | _a6845 | ||
| 011 | _a7817 | ||
| 035 | _a7042 | ||
| 040 | _cCHAP | ||
| 090 | _aR-3455 | ||
| 100 | 0 | 0 |
_aIlori, M. O. _957440 |
| 245 | 1 | _aAdaptation of a conventional mashing profile for barley malt to sorghum | |
| 500 | _aSobretiro de: Lebensm-Wiss u. Tchnol 24 (1) : 29-33, 1991 | ||
| 590 |
_aBATCH-UPD _b10 _c20130110 _lUCH01 _h1051 |
||
| 590 |
_aCONVERSION _b10 _c20130109 _lUCH01 _h1305 |
||
| 650 | 1 | 4 | _aCebada maltera. |
| 650 | 1 | 4 |
_aMalta. _970202 |
| 650 | 1 | 4 |
_aSorgo _xEnzimas. _9108666 |
| 901 | _aBK | ||
| 942 | _cREIMP | ||
| 949 |
_aR-3455 _bBC _cR _d-16822 _eTS1 _i7042 _si |
||
| 999 |
_c6845 _d6845 |
||